Qurani Talimat. (Record no. 5400)

MARC details
000 -LEADER
fixed length control field 00573nam a2200241 a 4500
020 ## - INTERNATIONAL STANDARD BOOK NUMBER
ISBN
082 00 - DEWEY DECIMAL CLASSIFICATION NUMBER
Classification number 297.1226
Author Cutter ALI1
100 ## - MAIN ENTRY--AUTHOR NAME
Author name Ali, Mir Vilayat
245 ## - TITLE STATEMENT
Title Qurani Talimat.
260 ## - PUBLICATION, DISTRIBUTION, ETC. (IMPRINT)
Place of publication Hyderabad
Name of publisher Ijaz Printing Press
Year of publication 1966
300 ## - PHYSICAL DESCRIPTION
Number of Pages 158p
500 ## - GENERAL NOTE
General note includes index and biblioraphy
505 2# - FORMATTED CONTENTS NOTE
Formatted contents note Appendix
650 ## - SUBJECT ADDED ENTRY--TOPICAL TERM
Topical Term Quran-Theology
942 ## - ADDED ENTRY ELEMENTS (KOHA)
Koha item type Books
700 1# -
-- Ali, Mir Vilayat
Holdings
Collection code Home library Current library Date acquired Cost, normal purchase price Full call number Accession Number Koha item type
  Henry Martyn Institute Library Henry Martyn Institute Library 08/01/2007 100.00 297.1226 ALI1 05631 Books
                   Copyright © 2026 | Henry Martyn Institute | Hyderabad | TS-500052 | INDIA | Implemented by hmi.edu.in
Hit-Count:

Powered by Koha